000 00329nam a22001337a 4500
008 181217b xxu||||| |||| 00| 0 eng d
020 _a9780895826565
041 _aeng
080 _23rd
_a579
100 _a11
101 _aMIK
245 _aA Photographic Atlas for the Microbiology Laboratory
_cLeboffe,M.J
942 _2udc
_cBK
999 _c53241
_d53241